Imobilizované biosystémy: potenciál a obmedzenia enkapsulácie biokatalyzátorov v polymérnych mikrokapsuliach

Gespeichert in:
Bibliographische Detailangaben
1. Verfasser: Bučko, Marek
Format: Buch
Sprache:Slowakisch
Veröffentlicht: Bratislava STU FCHPT 2008
Online-Zugang:Im OPAC anzeigen
Tags: Tag hinzufügen
Keine Tags, Fügen Sie das erste Tag hinzu!

MARC

LEADER 00000nam a2200000 a 4500
005 20260127134221.0
008 081021 2008 xo 000 0 slo d
035 |a vtls009350863 
039 9 |a 200810211104  |b mschk03  |c 200810211020  |d mschk03  |y 200810211018  |z mschk03 
040 |a STUSCHK1  |b slo  |c STUSCHK1  |e AACR2 
100 1 |a Bučko, Marek 
245 1 |a Imobilizované biosystémy: potenciál a obmedzenia enkapsulácie biokatalyzátorov v polymérnych mikrokapsuliach  |c Marek Bučko 
260 |a Bratislava  |b STU FCHPT  |c 2008 
300 |a 126 s.  |b il.  |c 30 cm + príloha 
500 |a Obháj.: 1.10. 2008 
500 |a Vedný odbor: 29-07-9 Biotechnológia 
500 |a SAV CHÚ, Centrum glykomiky, Odd glykobiotechnológie 
910 |a SCHK95 
999 |c 6971  |d 6971